| 000 | 00831nam a22001817a 4500 | ||
|---|---|---|---|
| 999 |
_c59359 _d59359 |
||
| 003 | Ge_BSU | ||
| 005 | 20230130133850.0 | ||
| 008 | 230130s2006 ge ||||| |||| 00| 0 geo d | ||
| 041 | _ageo | ||
| 080 | _a347.218.3 რ-72 | ||
| 245 |
_aროგორ გავხდეთ მესაკუთრე : _bრა უნდა ვიცოდეთ ქონების შეძენისას და გასხვისებისას : გზამკვლევი. |
||
| 264 |
_aთბილისი : _b[ბონა კაუზა], _c2006. |
||
| 300 |
_a166 გვ. : _bცხრ. ; _c20 სმ. |
||
| 490 | _aიურისტის ბიბლიოთეკა | ||
| 653 | _a ქონების შეძენა | ||
| 653 | _a ქონების გასხვისება | ||
| 942 |
_2udc _cBK |
||